00343nam a2200133Ia 4500008004100000041000800041082001800049100001700067245002900084250001400113260004100127300003200168365000900200240624s9999 xx 000 0 und d aeng a332.6733 SOL  aSOLNIK BRUNO aINTERNATIONAL INVESTMENT a(5th ed.) c2004aBostonbPearson Addison Wesley axxii, , 760 , 23 : p. : cm. cb28